00410nam a2200097Ia 45000010005000000080041000050820026000461000096000722450120001682600024002882714241024s9999 xx 000 0 und d aRD/610.97293/R426n/16 aRepública Dominicana. Ministerio de Educación Superior, Ciencia y Tecnología (MESCyT) 0aNormas para la aprobación, regulación y acreditación de las escuelas de medicina en la República Dominicana bSanto Domingoc2012